000 01036nam a2200265 i 4500
001 17785
003 ES-MaACL
005 20250812062523.0
007 t|
008 010525s1961 sp |||| | spa d
080 _a061.2(460.27)Ateneo(091)
100 1 _aLedesma Miranda, Ramón,
_d1901-1963
_971155
245 1 3 _aEl Ateneo en su antiguo marco
_b: ambiente, ideas y figuras /
_cLedesma Miranda.
260 _aMadrid :
_bAteneo de Madrid,
_c1961 (
_fBolaños y Aguilar)
300 _a45 p. ;
_c19 cm.
490 1 _aColección “O crece o muere” ;
_v164
594 _aEste trabajo fue dado a conocer por su autor en la conferencia pronunciada en el Ateneo de Madrid el día 13 de mayo de 1960.
610 2 4 _aAteneo de Madrid-
_vConferencias-
_y1940-1982.
_91908
610 2 4 _aAteneo de Madrid-
_vHistoria-
_vRelatos personales
_91926
830 1 0 _aColección "O crece o muere"
_v164
_9183476
852 _aES-MaACL
_j2102-F-4
852 _aES-MaACL
_j2243-F-6
852 _aES-MaACL
_jE-8658
999 _c17785
_d17785